00676nam a2200241 a 4500001001300000003000900013005001700022008004100039020000900080082001600089100002000105245002100125260003400146300000900180500003500189505003200224650001100256700002000267902000800287942000700295952011500302999001700417nice12345678IN_TiNIC20260116013506.0050524s0000 dela grp 000 0 urd  ac6000a297.4bWAL2 aWaliullah, Shah aInfaasul Arifeen aDelhibMaktaba Alhasnatc0000 a415p aincludes index and biblioraphy2 aAppendix, References, Index aSufism1 aWaliullah, Shah bSRS cBK 001040708StackRoom-aHMIbHMId2009-01-06g60.00l0o297.4 WAL2p016149r2009-01-06v60.00w2005-05-24yBK c11192d11192